banner-ar

بيع الجدك للمحلات التجارية والصناعية والمنشات الاخرى : (Record no. 56129)

MARC details
000 -الفاتح
حقل البيانات ثابتة الطول 00921nam a2200229Ia 4500
005 - وقت وتاريخ اخر تعامل مع التسجيلة
رقم الضبط 20240530105439.0
008 - عناصر البيانات ثابتة الطول - معلومات عامة
حقل البيانات ثابتة الطول 140319s9999 xx 000 0 ara d
040 ## - مصدر الفهرسة
وكالة الفهرسة الأصلية GCL /
وكالة النسخ GCL
082 04 - رقم تصنيف ديوى العشرى
رقم التصنيف 346.2
رقم المادة ف ب
100 1# - المدخل الرئيسى - إسم شخصى
الإسم الشخصى عبدالحميد الشواربى
245 10 - بيان العنوان
العنوان بيع الجدك للمحلات التجارية والصناعية والمنشات الاخرى :
بقية العنوان دراسة فقهية قضائية مع احكام النقض حتى عام 1991 /
بيان المسئوليه,etc تاليف فتيحة قره ، عبدالحميد الشواربى
260 ## - PUBLICATION, DISTRIBUTION, ETC. (IMPRINT)
تاريخ النشر أو التوزيع 1987
300 ## - الوصف المادى
التعداد 445 ص؛
تفاصيل ماديه اخرى للوعاء 24 سم
490 ## - بيان السلسلة
عنوان السلسلة سلسلة الكتب القانونية
رقم المجلد/ التعيين التسلسلي 0
650 04 - المدخل الاضافى بالموضوع-مصطلح موضوعى
مصطلح موضوعي البيع
650 04 - المدخل الاضافى بالموضوع-مصطلح موضوعى
مصطلح موضوعي قانون الملكية
650 04 - المدخل الاضافى بالموضوع-مصطلح موضوعى
مصطلح موضوعي الحيازة
650 04 - المدخل الاضافى بالموضوع-مصطلح موضوعى
مصطلح موضوعي الايجار
700 1# - المدخل الاضافى - اسم شخصى
الإسم الشخصى عبدالحميد الشواربى
رمز الرابط مؤلف
942 ## - عناصر المدخل الإضافي( كوها)
مصدر التصنيف او مخطط الترفيف Dewey Decimal Classification
Koha [default] item type كتاب
260 ## - PUBLICATION, DISTRIBUTION, ETC. (IMPRINT)
-- [ الاسكندرية ] :
-- منشأة المعارف
Holdings
حالة التراجع حالة الفقد حالة تلف ليس للاعارة المكان المؤقت الموقع الحالى تاريخ الاكتساب اجمالي اﻻعارات رقم الطلب الباركود تاريخ اخر مشاهدة تاريخ تفعيل السعر نوع وعاء كوها
        مكتبة القاهرة الكبرى مكتبة القاهرة الكبرى 03/26/2014   346.2\ف ب 134622 03/26/2014 03/26/2014 كتاب

Powered By

EGPV